=LDR 00000nam 2200000 4500 =001 INLIS000000000026692 =005 20130612125123 =008 ***********************************ind** =035 ##$$0010-061300000026692 =041 ##$$a ind =082 ##$$a 646.72 =090 ##$$a 646.72, WAR m =100 ##$$a Wardana, Enen =245 ##$$a Membuat aksesori rambut dan busana, Enen Wardana; penyunting, Tajudin =260 ##$$a 2003 $b Jakarta =300 ##$$a vi, 69 hlm., ilus., 23 cm =650 ##$$a Rambut =650 ##$$a Aksesori =700 ##$$a Tajudin =850 ##$$a NBPNMAT